| 000 | 00987nam a2200253 a 4500 | ||
|---|---|---|---|
| 003 | DO-SdBNP | ||
| 005 | 20240320074002.0 | ||
| 007 | ta | ||
| 008 | 220926e2012 dr ||||gr|||| 00| 0 spa d | ||
| 040 |
_aDO-SdBNP _bspa _cBNPHU |
||
| 082 |
_2Santo Domingo : _bI24c |
||
| 110 | 2 |
_946310 _aIglesia Católica. _bConferencia del Episcopado Dominicano |
|
| 245 | 1 | 0 |
_aLos 50 años de la creación de la conferencia del Episcopado Dominicano. / _cEditor, Rafael Bello Peguero |
| 246 | _aLos cincuenta años de la creación de la conferencia del Episcopado Dominicano. | ||
| 260 |
_aSanto Domingo : _bAmigo del Hogar, _c2012 |
||
| 300 |
_a[15] p. ; _c23 cm. |
||
| 500 | _aHomilía pronunciada por Nicolás de Jesús Cardenal López Rodríguez. | ||
| 590 | _aInventariado 2022 / MF | ||
| 650 | 4 |
_92409 _aIglesia Católica _zRepública Dominicana |
|
| 650 | 4 |
_930666 _aSermones _xRepública Dominicana |
|
| 700 | 1 |
_aBello Peguero, Rafael, _d1932-2022 _92405 |
|
| 910 | _aMFeliz | ||
| 942 |
_2ddc _cLF2 |
||
| 999 |
_c52470 _d52470 |
||